Estudios de Psicología : 25 años de contribuciones al desarrollo y bienestar de las personas /
Збережено в:
| Інші автори: | , , , , |
|---|---|
| Формат: | eКнига |
| Мова: | Іспанська |
| Опубліковано: |
Santiago de Chile :
RIL Editores,
2024.
|
| Предмети: | |
| Онлайн доступ: | https://elibro.unach.elogim.com/es/lc/unach/titulos/281252 |
| Теги: |
Додати тег
Немає тегів, Будьте першим, хто поставить тег для цього запису!
|
MARC
| LEADER | 00000nam a2200000 i 4500 | ||
|---|---|---|---|
| 001 | ELB281252 | ||
| 003 | FINmELB | ||
| 005 | 20250521173015.0 | ||
| 006 | m o d | | ||
| 007 | cr cnu|||||||| | ||
| 008 | 250425s2024 cl o 001 0 spa d | ||
| 020 | |a 9789560116291 |q (print) | ||
| 035 | |a (OCoLC)1520572629 | ||
| 040 | |a FINmELB |b spa |e rda |c FINmELB | ||
| 050 | 4 | |a RC480 |b E826 2024 | |
| 080 | |a 615.851 | ||
| 082 | 0 | 4 | |a 616.89 |2 23 |
| 245 | 0 | 0 | |a Estudios de Psicología : |b 25 años de contribuciones al desarrollo y bienestar de las personas / |c Juan Pablo Vicencio C. (editor) ; Larry E. Beutler, L. DiAnne Borders, Andrés J. Consoli, Ana María Daskal Minuchin, Barry L. Duncan, Carol A. Falender, Héctor Fernández-Álvarez, María Del Pilar Grazioso, Rodney K. Goodyear, Douglas A. Guiffrida, Clara E. Hill, Sarah Knox, Nicholas Ladany, Brian W. Mcneill, Robert A. Neimeyer, John C. Norcross, Tony Rousmaniere, Bruce E. Wampold, C. Edward Watkins Jr. |
| 264 | 1 | |a Santiago de Chile : |b RIL Editores, |c 2024. | |
| 300 | |a 1 recurso en línea (248 páginas) | ||
| 336 | |a texto |b txt |2 rdacontent/spa | ||
| 337 | |a computadora |b c |2 rdamedia/spa | ||
| 338 | |a recurso en línea |b cr |2 rdacarrier/spa | ||
| 500 | |a Incluye índice. | ||
| 588 | |a Descripción basada en metadatos suministrados por el editor y otras fuentes. | ||
| 590 | |a Recurso electrónico. Santa Fe, Arg.: elibro, 2025. Disponible vía World Wide Web. El acceso puede estar limitado para las bibliotecas afiliadas a elibro. | ||
| 650 | 4 | |a Psicoterapia. | |
| 650 | 4 | |a Psicoterapia |x Metodología. | |
| 655 | 4 | |a Libros electrónicos. | |
| 700 | 1 | |a Vicencio C., Juan Pablo, |e editor. | |
| 700 | 1 | |a Beutler, Larry E., |e autor. | |
| 700 | 1 | |a Borders, L. DiAnne, |e autora. | |
| 700 | 1 | |a Consoli, Andés J., |e autor. | |
| 700 | 1 | |a Daskal Minuchin, Ana María, |e autora. | |
| 797 | 2 | |a elibro, Corp. | |
| 856 | 4 | 0 | |u https://elibro.unach.elogim.com/es/lc/unach/titulos/281252 |